| 000 | 00605nam a2200217Ia 4500 | ||
|---|---|---|---|
| 003 | GCL | ||
| 008 | 140319s9999 xx 000 0 eng d | ||
| 040 |
_aGCL / _cGCL |
||
| 082 | 0 | 4 |
_a784.188962 _bN C |
| 100 | 1 | _aVAN, NIEUWHRKO KARIN | |
| 245 | 1 | 0 |
_aA TRADE LIKE ANY OTHER: FAME SINGERS AND DANCERS IN EGYPT / _cVAN, NIEUWHRKO KARIN |
| 260 |
_a[S.N] : _bTHE AMERICAN UNIVERSITY IN CAIRO PRESS ، _c1996 |
||
| 300 | _a226 P | ||
| 650 | 0 | 4 | _aART - EGYPT |
| 650 | 0 | 4 | _aDANCE AND MUSIC |
| 650 | 0 | 4 | _aWOMEN DANCERS |
| 650 | 0 | 4 | _aARTS |
| 650 | 0 | 4 | _aARTISTS |
| 650 | 0 | 4 | _aENTERTAINERS |
| 942 |
_2ddc _cBK |
||
| 999 |
_c14440 _d14440 |
||